Kinh tế lượng Chương trình nâng cao

محفوظ في:
التفاصيل البيبلوغرافية
المؤلف الرئيسي: Nguyễn Quang Dong
التنسيق: كتاب
اللغة:Undetermined
منشور في: H. KHKT 2002
الموضوعات:
الوسوم: إضافة وسم
لا توجد وسوم, كن أول من يضع وسما على هذه التسجيلة!
Thư viện lưu trữ: Trung tâm Học liệu Trường Đại học Cần Thơ
LEADER 00508nam a2200181Ia 4500
001 CTU_52391
008 210402s9999 xx 000 0 und d
082 |a 330.015195 
082 |b D431 
100 |a Nguyễn Quang Dong 
245 0 |a Kinh tế lượng 
245 0 |b Chương trình nâng cao 
245 0 |c Nguyễn Quang Dong 
260 |a H. 
260 |b KHKT 
260 |c 2002 
650 |a econometrics,economics, mathematical 
980 |a Trung tâm Học liệu Trường Đại học Cần Thơ